大阪環状線の内側にある駅 - Statistics

General Stats
  • This quiz has been taken 192 times
  • The average score is 34 of 47
Answer Stats
駅名 % Correct
本町
93%
淀屋橋
93%
大阪難波
89%
谷町四丁目
89%
難波
88%
心斎橋
87%
谷町九丁目
86%
谷町六丁目
86%
天満橋
86%
西梅田
86%
北新地
85%
東梅田
84%
大阪上本町
83%
近鉄日本橋
82%
堺筋本町
82%
ドーム前
82%
北浜
81%
日本橋
79%
九条
77%
大国町
77%
中之島
77%
阿波座
76%
大阪城北詰
76%
桜川
76%
ドーム前千代崎
76%
JR難波
74%
大阪天満宮
73%
南森町
72%
四ツ橋
71%
肥後橋
69%
四天王寺前夕陽ヶ丘
67%
長堀橋
66%
大阪ビジネスパーク
65%
新福島
65%
大阪梅田(阪神)
64%
恵美須町
63%
なにわ橋
63%
渡辺橋
61%
大江橋
59%
汐見橋
59%
松屋町
59%
今宮戎
56%
西長堀
54%
扇町
51%
福島(阪神)
51%
玉川
44%
西大橋
44%
No matching quizzes found
Score Distribution
Percent of People with Each Score
Percentile by Number Answered
Your Score History
You have not taken this quiz